Shamsulllahil Bajigha, Vol-2 : / شمس اللہ البازغہ (Record no. 29585)

MARC details
000 -LEADER
fixed length control field 00518nam a22001817a 4500
003 - CONTROL NUMBER IDENTIFIER
control field BDDh-ASL
005 - DATE AND TIME OF LATEST TRANSACTION
control field 20231015031037.0
008 - FIXED-LENGTH DATA ELEMENTS--GENERAL INFORMATION
fixed length control field 221021s1901 p ||||| |||| 00| 0 urd d
040 ## - CATALOGING SOURCE
Original cataloging agency BDDh-ASL
Transcribing agency BDDh-ASL
041 ## - LANGUAGE CODE
Language code of text/sound track or separate title urd
082 ## - DEWEY DECIMAL CLASSIFICATION NUMBER
Classification number 297
Item number WAS
100 1# - MAIN ENTRY--PERSONAL NAME
9 (RLIN) 4809
Personal name Waliullah, Shah
245 10 - TITLE STATEMENT
Title Shamsulllahil Bajigha, Vol-2 : / شمس اللہ البازغہ
260 ## - PUBLICATION, DISTRIBUTION, ETC.
Place of publication, distribution, etc. Lahore :
Name of publisher, distributor, etc. Hemayat-e Islam ,
Date of publication, distribution, etc. 1901/1323 H.
300 ## - PHYSICAL DESCRIPTION
Extent 516 p. :
Dimensions 27 cm.
650 #0 - SUBJECT ADDED ENTRY--TOPICAL TERM
9 (RLIN) 2539
Topical term or geographic name entry element Islamic Philosophy
942 ## - ADDED ENTRY ELEMENTS (KOHA)
Source of classification or shelving scheme Dewey Decimal Classification
Koha item type Books
Holdings
Withdrawn status Lost status Source of classification or shelving scheme Damaged status Not for loan Collection code Home library Current library Shelving location Date acquired Source of acquisition Serial Enumeration / chronology Total Checkouts Full call number Barcode Date last seen Copy number Price effective from Koha item type Public note
    Dewey Decimal Classification   Not For Loan Non-fiction Asiatic Society Library Asiatic Society Library General Stacks 10/21/2022 ASB Collections U-1132   297 WAS 117807 10/21/2022 C-1 10/21/2022 Books Y-1901

Powered by Koha